1275 1612 1143 1026 1666 1389 1055 1448 1934 1565 1673 1739 1126 1464 1446 1550 1511 1457 1825 1072 1909 1940 1286 1492 1799 1794 1302 1412 1233 1390 1860 1399 1101 1024 1341 1417 1559 1213 1744 1065 1763 1014 1392 1494 1303 1304 1825 1533 1561 1853 1655 1151 1626 1059 1069 1913 1984 1897 1354 1000 1275 1820 1008 1025 1912 1470 1147 1782 1986 1143 1966 1888 1984 1325 1175 1996 1631 1550 1168 1207 1454 1647 1299 1375 1269 1340 1575 1185 1011 1896 1837 1638 1707 1106 1764 1956 1992 1818 1030 BCNSPRNW ULIB Ver.6.0+V

เปลี่ยนเป็นภาษาไทย

Change to English
 แสดงรายละเอียดบรรณานุกรม
  กลับหน้าหลัก

Brief Record : Get Marc (ISO 2709) : E-mail record : QR code < ปิดหน้าต่าง
LEADER : 00000nam 2200000uu 4500
001    13399112853
003     ULIB
008    110914s2552||||th 000 0 tha d
020    9786115000227
090    นว.^bณ429ร
100 0  ณารา
245 00 รอยฝันตะวันเดือด/^cณารา
250    พิมพ์ครั้งที่ 4
260    กรุงเทพฯ :^bพิมพ์คำ,^c2552
300    480 หน้า
710 1  พิมพ์คำ
945    ^p290^l0^i16998
995    กัณชพร
999    ^aใช้งานได้ทุกระบบ
รายการนี้ยังไม่มีแท็ก
คุณยังไม่ได้ล็อกอิน คุณสามารถมีกิจกรรมร่วมกับเว็บไซต์ได้ แต่ต้องล็อกอินก่อน ::
  ล็อกอิน

รายการสื่อสารสนเทศ

ลำดับที่ ประเภท เลขเรียก/บาร์โค้ด สถานที่ สถานะ
1. นวนิยาย
นวนิยาย
นว. ณ429ร  
  Barcode: 16998
ห้องสมุดวิทยาเขตสวรรค์ประชารักษ์
►นวนิยาย
บนชั้น
  ขอยืม

รายการใกล้เคียง
    ผู้แต่ง [ณารา]

BibComment


ยังไม่เคยถูกคอมเมนท์

คอมเมนท์ทรัพยากรรายการนี้
  คอมเมนท์: รอยฝันตะวันเดือด ..


 Copyright 2026. Bcnsprnw @Library